[Event "Pfalz op-B 11th"]
[Site "Neustadt an der Weinstrasse"]
[Date "2020.02.24"]
[Round "6"]
[White "Ziegler, Ulrich"]
[Black "Becker, Reinhold"]
[Result "1-0"]
[WhiteElo "1672"]
[BlackElo "1766"]
[PlyCount "69"]
[EventDate "2020.02.21"]
[EventType "swiss"]
[EventRounds "7"]
[EventCountry "GER"]
[SourceTitle "CBM 195 Extra"]
[Source "ChessBase"]
[SourceDate "2020.05.31"]
[SourceVersion "1"]
[SourceVersionDate "2020.05.31"]
[SourceQuality "1"]

1. c4 e6 2. Nc3 d5 3. cxd5 exd5 4. g3 Nf6 5. Bg2 c6 6. Nf3 Bd6 7. d4 0-0 8. 0-0 Re8 9. a3 Bg4 10. h3 Bf5 11. b4 a6 12. Na4 Nbd7 13. Nc5 Qc7 14. Bb2 Re7 15. Nh4 Be4 16. Bxe4 Rxe4 17. Nxe4 Nxe4 18. Nf5 Bf8 19. Kg2 g6 20. Ne3 Bd6 21. Qe1 Re8 22. Rc1 Ndf6 23. Ng4 Nh5 24. Ne5 f6 25. Ng4 Nhxg3 26. fxg3 Bxg3 27. Nxf6+ Kh8 28. Nxe8 Qe7 29. Qd1 h5 30. Rf3 Qg5 31. Qf1 Bf4+ 32. Kh1 h4 33. Rcc3 Nd2 34. Qg2 Nxf3 35. Rxf3 1-0

[Event "Pfalz op-B 11th"]
[Site "Neustadt an der Weinstrasse"]
[Date "2020.02.22"]
[Round "3"]
[White "Becker, Reinhold"]
[Black "Back, Lennart"]
[Result "1-0"]
[WhiteElo "1766"]
[BlackElo "1637"]
[PlyCount "57"]
[EventDate "2020.02.21"]
[EventType "swiss"]
[EventRounds "7"]
[EventCountry "GER"]
[SourceTitle "CBM 195 Extra"]
[Source "ChessBase"]
[SourceDate "2020.05.31"]
[SourceVersion "1"]
[SourceVersionDate "2020.05.31"]
[SourceQuality "1"]

1. d4 d5 2. Bf4 Nf6 3. e3 e6 4. c4 Be7 5. Nc3 c6 6. Bd3 Qa5 7. Nge2 h6 8. a3 0-0 9. b4 Qd8 10. g4 dxc4 11. Bxc4 Nd5 12. Rg1 Bg5 13. Bg3 Bh4 14. e4 Bxg3 15. Rxg3 Nxc3 16. Nxc3 Nd7 17. e5 Nb6 18. Bd3 Nd5 19. Ne4 Nc7 20. g5 g6 21. Nf6+ Kg7 22. gxh6+ Kh8 23. Bxg6 Nd5 24. Bc2 Nxf6 25. Qd3 Ne4 26. Qxe4 f5 27. exf6 Rf7 28. Rg7 Rxg7 29. fxg7+ 1-0

[Event "Pfalz op-B 8th"]
[Site "Neustadt an der Weinstrasse"]
[Date "2017.02.27"]
[Round "7"]
[White "Becker, Reinhold"]
[Black "Mikeler, Marcel"]
[Result "0-1"]
[WhiteElo "1777"]
[BlackElo "1852"]
[PlyCount "72"]
[EventDate "2017.02.24"]
[EventType "swiss"]
[EventRounds "7"]
[EventCountry "GER"]
[SourceTitle "CBM 177 Extra"]
[Source "ChessBase"]
[SourceDate "2017.04.27"]
[SourceVersion "1"]
[SourceVersionDate "2017.04.27"]
[SourceQuality "1"]

1. d4 Nf6 2. Bf4 d5 3. e3 Bg4 4. f3 Bf5 5. g4 Bg6 6. Nc3 e6 7. h4 h6 8. Nh3 a6 9. Bg3 Bh7 10. Bd3 c5 11. Ne2 cxd4 12. exd4 Nc6 13. c3 Bd6 14. Kf2 Qc7 15. g5 Bxd3 16. Qxd3 Nh5 17. Bxd6 Qxd6 18. f4 g6 19. Kf3 Ne7 20. Nf2 Nf5 21. Rag1 b5 22. a3 Ke7 23. Ng4 hxg5 24. hxg5 Qc7 25. Ne5 Qb7 26. Nc1 Rh7 27. Nb3 Rah8 28. Nc5 Qa8 29. Qb1 Nhg7 30. Rxh7 Rxh7 31. Rh1 Qh8 32. Rxh7 Qxh7 33. Ncd3 Qh5+ 34. Kf2 Qh2+ 35. Kf3 Nh4+ 36. Kg4 Qg2+ 0-1